LIBRARY & INFORMATION CENTRE, KCAET, TAVANUR

ONLINE PUBLIC ACCESS CATALOGUE (OPAC)

Essential mathematical biology / (Record no. 13365)

MARC details
000 -LEADER
fixed length control field 00367cam a2200145ua 4500
041 ## - LANGUAGE CODE
Language code of text/sound track or separate title eng
082 ## - DEWEY DECIMAL CLASSIFICATION NUMBER
Classification number 574.0151
Item number BRI/ES
100 ## - MAIN ENTRY--AUTHOR NAME
Personal name Britton, Nicholas F .
245 ## - TITLE STATEMENT
Title Essential mathematical biology /
260 ## - PUBLICATION, DISTRIBUTION, ETC. (IMPRINT)
Place of publication :
Name of publisher Springer ,
Year of publication 2007.
300 ## - PHYSICAL DESCRIPTION
Number of Pages 335 ; .
942 ## - ADDED ENTRY ELEMENTS (KOHA)
Koha item type Books
Holdings
Withdrawn status Lost status Damaged status Home library Current library Date acquired Full call number Accession Number Koha item type
      KAUAET KAUAET 07/04/2012 574.0151 BRI/ES 21423 Books
free website counter